000 00758nam a22002297a 4500
001 2592
005 20240926123508.0
020 _a9780545528344
040 _aFISKH
_beng
_cFISKH
_dFISKH
050 _aPZ7.L96768
082 _a813.6
100 _aLu, Marie
245 _aLegend /
_cMarie Lu
250 _aThis edition first printing, January 2013
260 _aNew York :
_bScholastic,
_c2011
300 _a305 pages :
_c20 cm
505 _aM
520 _aIn a dark future, when North America has split into two warring nations, fifteen-year-olds Day, a famous criminal, and prodigy June, the brilliant soldier hired to capture him, discover that they have a common enemy.
521 _a710
_bLexile
521 _aM
_bRaz-Plus
942 _2ddc
_cBK
_n0
999 _c2592
_d2592